|
|
|
|
| LEADER |
00679nam a2200229Ia 4500 |
| 001 |
CTU_129583 |
| 008 |
210402s9999 xx 000 0 und d |
| 020 |
|
|
|c 102750
|
| 082 |
|
|
|a 428.24
|
| 082 |
|
|
|b S246/B.2-CD.2
|
| 100 |
|
|
|a Sarosy, Peg
|
| 245 |
|
0 |
|a Lecture ready :
|
| 245 |
|
0 |
|b Strategies for academic listening, note-taking, and discussion
|
| 245 |
|
0 |
|c Peg Sarosy and Kathy Sherak
|
| 260 |
|
|
|a Oxforrd
|
| 260 |
|
|
|b Oxford University Press
|
| 260 |
|
|
|c 2006
|
| 650 |
|
|
|a Study skills,Listening,Englissh language
|
| 650 |
|
|
|x Study and teaching,Foreign speakers
|
| 904 |
|
|
|i Minh
|
| 915 |
|
|
|a 400
|
| 980 |
|
|
|a Trung tâm Học liệu Trường Đại học Cần Thơ
|